00956nam a2200205 450000100060000000300080000600500170001400800400003102000150007103500190008604000170010504100080012208200250013024501090015526001350026430000590039949000430045850502170050165000320071853951BD-RjUL20211209080041.0161030s1993 -uk||||| |||| 00| 0 ee d a8181474651 a(BD-RjUL)54073 bENGdBD-RjUL aENG 223a660.6bVIT 1993 11aIn vitro cultivation of animal cells/cOpen Universiteit (Heerlen, Netherlands); University of Greenwich aOxford : bButterworth-Heinemann on behalf of Open universiteit and University of Greenwich (formerly Thames Polytechnic),c1993. aix, 264 pages, [16] pages : billustrations ; c25 cm. aBiotechnology by Open Learning (Series aInvestigates how pure cultures of animal cells may be isolated from their primary sources. This book considers the parameters which influence their growth in culture and explores how such parameters Read more... aAnimal cell biotechnology.